Elementary telegraphy (Record no. 183017)
[ view plain ]
| 000 -LEADER | |
|---|---|
| fixed length control field | 00943 a2200193 4500 |
| 003 - CONTROL NUMBER IDENTIFIER | |
| control field | Nust |
| 005 - DATE AND TIME OF LATEST TRANSACTION | |
| control field | 20170207153255.0 |
| 040 ## - CATALOGING SOURCE | |
| Transcribing agency | Nust |
| 082 ## - DEWEY DECIMAL CLASSIFICATION NUMBER | |
| Classification number | 621.383 |
| 100 ## - MAIN ENTRY--PERSONAL NAME | |
| Personal name | E. Missen |
| 245 ## - TITLE STATEMENT | |
| Title | Elementary telegraphy |
| Statement of responsibility, etc. | E. Missen |
| Remainder of title | covering the syllabus of the city and guilds of london institute examination grade 1 |
| 250 ## - EDITION STATEMENT | |
| Edition statement | 1st ed |
| 260 ## - PUBLICATION, DISTRIBUTION, ETC. | |
| Place of publication, distribution, etc. | George Newnes Limited |
| Name of publisher, distributor, etc. | London |
| Date of publication, distribution, etc. | 1946 |
| 300 ## - PHYSICAL DESCRIPTION | |
| Extent | 339 p |
| Other physical details | illus |
| Dimensions | 24 cm |
| Accompanying material | 108 illustrations |
| 505 ## - FORMATTED CONTENTS NOTE | |
| Formatted contents note | Introduction (Page-9) Principles of the State Stop Telegraph System (Page-18) Telegraph Relays (Page-86) Elementary Line Telegraph Transmission (Page-146) Voice frequency Telegraphy (Page-177) Telegraph Circuits (Page-203) Telegraph Instrument Room Equipment (Page-236) Telegraph Signal Distortion (Page-274) Testing and Measuring Apparatus (Page-288) Telegraph Power Supplies (Page-322) |
| 538 ## - SYSTEM DETAILS NOTE | |
| System details note | Almirah No.38 Shelf No.5 |
| 600 ## - SUBJECT ADDED ENTRY--PERSONAL NAME | |
| Personal name | E. Missen |
| 650 ## - SUBJECT ADDED ENTRY--TOPICAL TERM | |
| Topical term or geographic name entry element | Elementary telegraphy |
| 942 ## - ADDED ENTRY ELEMENTS (KOHA) | |
| Source of classification or shelving scheme | |
| Koha item type | Book |
| Withdrawn status | Lost status | Source of classification or shelving scheme | Damaged status | Not for loan | Collection code | Permanent Location | Current Location | Date acquired | Total Checkouts | Full call number | Barcode | Date last seen | Price effective from | Koha item type |
|---|---|---|---|---|---|---|---|---|---|---|---|---|---|---|
| Military College of Signals (MCS) | Military College of Signals (MCS) | 12/12/2016 | 621.383 MIS | MCS6773 | 12/08/2016 | 12/12/2016 | Book |
